[Event "SVK-chT2C 1718"]
[Site "Slovakia"]
[Date "2017.11.26"]
[Round "4.3"]
[White "Banduka, Zeljko"]
[Black "Szamos, Alexander"]
[Result "1/2-1/2"]
[WhiteElo "2066"]
[BlackElo "2146"]
[PlyCount "56"]
[EventDate "2017.10.28"]
[EventType "team-tourn"]
[EventRounds "11"]
[EventCountry "SVK"]
[SourceTitle "CBM 181 Extra"]
[Source "ChessBase"]
[SourceDate "2017.12.12"]
[SourceVersion "1"]
[SourceVersionDate "2017.12.12"]
[SourceQuality "1"]
[WhiteTeam "Liptovska Stiavnica"]
[BlackTeam "Filakovo"]
[WhiteTeamCountry "SVK"]
[BlackTeamCountry "SVK"]

1. d4 Nf6 2. c4 e6 3. g3 d5 4. Bg2 Be7 5. Nf3 0-0 6. 0-0 c6 7. Qc2 Ne4 8. Nbd2 f5 9. Ne5 Nd7 10. Nxe4 Nxe5 11. dxe5 fxe4 12. c5 Bd7 13. Be3 b6 14. b4 bxc5 15. bxc5 Qa5 16. Rab1 Rab8 17. Rfd1 Qc7 18. Qc3 Rxb1 19. Rxb1 Rb8 20. Rb3 Bc8 21. Bh3 Rxb3 22. axb3 Bd8 23. f3 exf3 24. exf3 Qa5 25. b4 Qa4 26. Qe1 a5 27. Bd2 axb4 28. Bxb4 Be7 1/2-1/2

[Event "SVK-chT2C 1718"]
[Site "Slovakia"]
[Date "2017.11.25"]
[Round "3.3"]
[White "Gyerpal, Adrian"]
[Black "Banduka, Zeljko"]
[Result "1/2-1/2"]
[WhiteElo "1929"]
[BlackElo "2066"]
[PlyCount "59"]
[EventDate "2017.10.28"]
[EventType "team-tourn"]
[EventRounds "11"]
[EventCountry "SVK"]
[SourceTitle "CBM 181 Extra"]
[Source "ChessBase"]
[SourceDate "2017.12.12"]
[SourceVersion "1"]
[SourceVersionDate "2017.12.12"]
[SourceQuality "1"]
[WhiteTeam "Zvolen Slavia"]
[BlackTeam "Liptovska Stiavnica"]
[WhiteTeamCountry "SVK"]
[BlackTeamCountry "SVK"]

1. e4 c5 2. Nf3 d6 3. d4 cxd4 4. Nxd4 Nf6 5. Nc3 a6 6. h3 e5 7. Nde2 b5 8. Bg5 h6 9. Bxf6 Qxf6 10. Nd5 Qd8 11. Qd3 Bb7 12. 0-0-0 Nd7 13. Nec3 Rc8 14. Kb1 Qa5 15. a3 g6 16. g4 Bg7 17. Ne7 Rc4 18. Qxd6 Rd4 19. Rxd4 exd4 20. Ned5 Bxd5 21. Nxd5 Qe1+ 22. Ka2 Qxe4 23. Bd3 Qe5 24. Nc7+ Kd8 25. Qxe5 Nxe5 26. Nxa6 Nxd3 27. cxd3 Re8 28. Nb4 Re2 29. Rf1 Kd7 30. Kb1 1/2-1/2

[Event "SVK-ch rapid"]
[Site "Banska Bystrica"]
[Date "2017.09.23"]
[Round "5"]
[White "Banduka, Zeljko"]
[Black "Hros, Roman"]
[Result "0-1"]
[WhiteElo "2089"]
[BlackElo "2000"]
[PlyCount "90"]
[EventDate "2017.09.22"]
[EventType "swiss (rapid)"]
[EventRounds "9"]
[EventCountry "SVK"]
[SourceTitle "EXT 2018"]
[Source "ChessBase"]
[SourceDate "2017.10.13"]
[SourceVersion "1"]
[SourceVersionDate "2017.10.13"]
[SourceQuality "1"]

1. d4 Nf6 2. c4 g6 3. g3 Bg7 4. Bg2 c6 5. Nc3 0-0 6. Nf3 d6 7. 0-0 Qa5 8. e4 Qh5 9. Nh4 Qxd1 10. Rxd1 Na6 11. a3 c5 12. d5 Nc7 13. h3 Rb8 14. Nf3 b5 15. e5 Nfe8 16. cxb5 Nxb5 17. Nxb5 Rxb5 18. b4 dxe5 19. Bf1 e4 20. Ra2 Rb7 21. Nd2 cxb4 22. axb4 Nd6 23. b5 Bd7 24. Ba3 Re8 25. Bc5 Nxb5 26. Nxe4 f5 27. Bxb5 Rxb5 28. Rxa7 fxe4 29. Rxd7 Rxc5 30. d6 exd6 31. R1xd6 e3 32. Rd8 exf2+ 33. Kxf2 Rf5+ 34. Kg2 Rxd8 35. Rxd8+ Bf8 36. g4 Rf7 37. Rd5 Kg7 38. h4 Be7 39. h5 g5 40. Kg3 h6 41. Rd4 Rf6 42. Rd7 Kf7 43. Ra7 Ke6 44. Ra4 Bd6+ 45. Kh3 Rf3+ 0-1

[Event "SVK-ch rapid"]
[Site "Banska Bystrica"]
[Date "2017.09.22"]
[Round "1"]
[White "Banduka, Zeljko"]
[Black "Mizicka, Matus"]
[Result "1-0"]
[WhiteElo "2089"]
[BlackElo "1554"]
[PlyCount "129"]
[EventDate "2017.09.22"]
[EventType "swiss (rapid)"]
[EventRounds "9"]
[EventCountry "SVK"]
[SourceTitle "EXT 2018"]
[Source "ChessBase"]
[SourceDate "2017.10.13"]
[SourceVersion "1"]
[SourceVersionDate "2017.10.13"]
[SourceQuality "1"]

1. d4 e6 2. c4 b6 3. Nc3 Bb7 4. e4 Bb4 5. Bd3 d6 6. Nf3 Nf6 7. Qe2 Nbd7 8. 0-0 h6 9. Nd1 c5 10. a3 Ba5 11. d5 0-0 12. Ne3 a6 13. dxe6 fxe6 14. Nc2 b5 15. b4 Bb6 16. Nd2 Ne5 17. Bb2 Nxd3 18. Qxd3 cxb4 19. axb4 Rf7 20. Nd4 e5 21. Nf5 Ne8 22. cxb5 axb5 23. Rxa8 Bxa8 24. Qxb5 Qb8 25. Qd3 Bc7 26. b5 Qb7 27. f3 Nf6 28. Ba3 d5 29. exd5 Nxd5 30. Bc5 Qc8 31. Ng3 Nf4 32. Qa3 Bd5 33. b6 Bb8 34. Nde4 Qb7 35. Ra1 h5 36. Qa6 Qc6 37. Qa4 h4 38. Qxc6 Bxc6 39. Nf1 Rd7 40. Ne3 Bxe4 41. fxe4 Ne6 42. Ra8 Rb7 43. Bd6 Rxb6 44. Rxb8+ Rxb8 45. Bxb8 Nc5 46. Bxe5 Nxe4 47. Nf5 g5 48. h3 Kh7 49. Nd6 Nd2 50. Kf2 Kg6 51. Ke3 Nb3 52. Bd4 Na5 53. Ke4 Nc6 54. Bc5 Nd8 55. Kf3 Ne6 56. Be3 Nd8 57. Ne4 Nf7 58. Bd4 Nh6 59. Bf6 Nf7 60. Bxg5 Ne5+ 61. Kf4 Nd3+ 62. Kg4 Ne1 63. Bxh4 Nxg2 64. Bf2 Kh6 65. Kg3 1-0

[Event "Sarajevo Bosna op 46th"]
[Site "Sarajevo"]
[Date "2016.06.03"]
[Round "9"]
[White "Marn, Jan"]
[Black "Banduka, Zeljko"]
[Result "0-1"]
[WhiteElo "1831"]
[BlackElo "2081"]
[PlyCount "32"]
[EventDate "2016.05.28"]
[EventType "swiss"]
[EventRounds "9"]
[EventCountry "BIH"]
[SourceTitle "EXT 2019"]
[Source "ChessBase"]
[SourceDate "2018.10.10"]
[SourceVersion "1"]
[SourceVersionDate "2018.10.10"]
[SourceQuality "1"]

1. e4 c6 2. d4 d5 3. Nd2 dxe4 4. Nxe4 Bf5 5. Ng3 Bg6 6. h4 h6 7. f4 Nf6 8. Nf3 Nbd7 9. h5 Bh7 10. Bd3 Bxd3 11. Qxd3 e6 12. Bd2 Qc7 13. 0-0-0 0-0-0 14. Qe2 Nd5 15. Ne5 N7b6 16. c4 Nf6 0-1

[Event "Sarajevo Bosna op 46th"]
[Site "Sarajevo"]
[Date "2016.05.31"]
[Round "5"]
[White "Nestorovic, Dejan"]
[Black "Banduka, Zeljko"]
[Result "1-0"]
[WhiteElo "2387"]
[BlackElo "2081"]
[PlyCount "45"]
[EventDate "2016.05.28"]
[EventType "swiss"]
[EventRounds "9"]
[EventCountry "BIH"]
[SourceTitle "EXT 2019"]
[Source "ChessBase"]
[SourceDate "2018.10.10"]
[SourceVersion "1"]
[SourceVersionDate "2018.10.10"]
[SourceQuality "1"]

1. d4 d5 2. c4 c6 3. Nf3 e6 4. e3 Nf6 5. Nbd2 Nbd7 6. Bd3 dxc4 7. Nxc4 Be7 8. e4 b5 9. Ncd2 Bb7 10. 0-0 0-0 11. e5 Nd5 12. Ne4 h6 13. Qe2 a6 14. Ng3 Nb4 15. Be4 f5 16. exf6 Nxf6 17. a3 Nbd5 18. Bc2 Qd6 19. Re1 Bc8 20. Qd3 Nf4 21. Bxf4 Qxf4 22. Ne5 Re8 23. Qg6 1-0

[Event "Vojvodina-ch 6th"]
[Site "Novi Sad"]
[Date "2015.07.30"]
[Round "8"]
[White "Lundin, Jan"]
[Black "Banduka, Zeljko"]
[Result "1-0"]
[WhiteElo "2245"]
[BlackElo "2108"]
[PlyCount "59"]
[EventDate "2015.07.25"]
[EventType "swiss"]
[EventRounds "9"]
[EventCountry "YUG"]
[SourceTitle "EXT 2017"]
[Source "ChessBase"]
[SourceDate "2016.10.25"]
[SourceVersion "1"]
[SourceVersionDate "2016.10.25"]
[SourceQuality "1"]

1. e4 e6 2. d4 b6 3. Nf3 Bb7 4. Bd3 c5 5. 0-0 cxd4 6. Nxd4 Bc5 7. Nb3 Be7 8. Nc3 Nc6 9. Bf4 a6 10. Re1 d6 11. Qg4 g5 12. Be3 Nf6 13. Qe2 Nd7 14. Nd4 h5 15. Nxc6 Bxc6 16. Bxa6 Ne5 17. Bb5 Qd7 18. a4 Bxb5 19. axb5 Rxa1 20. Rxa1 Qb7 21. Ra6 Nd7 22. Qc4 0-0 23. Qc6 Rb8 24. Na4 Nc5 25. Rxb6 Qa7 26. Ra6 Qb7 27. Nxc5 dxc5 28. Qxb7 Rxb7 29. c4 Rd7 30. Kf1 1-0

[Event "SVK-chT2C 1415"]
[Site "Slovakia"]
[Date "2014.12.07"]
[Round "6.4"]
[White "Hrnciar, Roman"]
[Black "Banduka, Zeljko"]
[Result "0-1"]
[WhiteElo "2039"]
[BlackElo "2098"]
[PlyCount "98"]
[EventDate "2014.10.11"]
[EventType "team-tourn"]
[EventRounds "11"]
[EventCountry "SVK"]
[SourceTitle "EXT 2016"]
[Source "ChessBase"]
[SourceDate "2015.10.08"]
[SourceVersion "1"]
[SourceVersionDate "2015.10.08"]
[SourceQuality "1"]
[WhiteTeam "Dolny Kubin II"]
[BlackTeam "Liptovska Stiavnica"]
[WhiteTeamCountry "SVK"]
[BlackTeamCountry "SVK"]

1. f4 Nf6 2. Nf3 g6 3. b3 d5 4. e3 c5 5. Bb2 Nc6 6. Bb5 a6 7. Bxc6+ bxc6 8. Ne5 Qb6 9. c4 d4 10. Qf3 Bb7 11. d3 Rd8 12. 0-0 Bg7 13. e4 Bc8 14. Nd2 h5 15. f5 Qc7 16. Nxf7 Kxf7 17. fxg6+ Kxg6 18. e5 Ng4 19. Qe4+ Kh6 20. Nf3 Bxe5 21. Bc1+ Kg7 22. h3 Bh2+ 23. Kh1 Rdf8 24. Bg5 Bg3 25. Qxe7+ Qxe7 26. Bxe7 Rf5 27. Ng5 Nf2+ 28. Kg1 Nxd3 29. Ne4 h4 30. Nxg3 hxg3 31. Rad1 Re8 32. Rxd3 Rxf1+ 33. Kxf1 Rxe7 34. Rxg3+ Kf6 35. Rf3+ Ke5 36. g4 Be6 37. Ke2 Rf7 38. Rg3 Kf4 39. Rg1 Ke4 40. Rg3 Rh7 41. Kd2 a5 42. Ke2 Rd7 43. Kd2 Kf4 44. Rg1 Rh7 45. Rf1+ Ke5 46. Re1+ Kd6 47. Rg1 Rxh3 48. Rg2 Rh4 49. g5 Rg4 0-1

[Event "SVK-chT2C 1415"]
[Site "Slovakia"]
[Date "2014.11.08"]
[Round "3.4"]
[White "Banduka, Zeljko"]
[Black "Straka, Jozef"]
[Result "1/2-1/2"]
[WhiteElo "2098"]
[BlackElo "2004"]
[PlyCount "46"]
[EventDate "2014.10.11"]
[EventType "team-tourn"]
[EventRounds "11"]
[EventCountry "SVK"]
[SourceTitle "EXT 2016"]
[Source "ChessBase"]
[SourceDate "2015.10.08"]
[SourceVersion "1"]
[SourceVersionDate "2015.10.08"]
[SourceQuality "1"]
[WhiteTeam "Liptovska Stiavnica"]
[BlackTeam "Cadca Caissa II"]
[WhiteTeamCountry "SVK"]
[BlackTeamCountry "SVK"]

1. d4 d5 2. g3 Bf5 3. Bg2 c6 4. Nf3 Nf6 5. 0-0 e6 6. c4 Nbd7 7. Nh4 Be4 8. f3 Bxb1 9. Rxb1 Be7 10. cxd5 cxd5 11. e4 0-0 12. Re1 Nb6 13. Bh3 Rc8 14. e5 Nfd7 15. Ng2 Qc7 16. Ne3 Nc4 17. Nxc4 Qxc4 18. a3 Bd8 19. Bf1 Qc2 20. Qxc2 Rxc2 21. Bd3 Rc8 22. Be3 Bb6 23. f4 Nb8 1/2-1/2

[Event "SVK-chT2C 1314"]
[Site "Slovakia"]
[Date "2013.11.23"]
[Round "3.4"]
[White "Banduka, Zeljko"]
[Black "Snider, Lukas"]
[Result "1-0"]
[WhiteElo "2101"]
[BlackElo "1991"]
[PlyCount "77"]
[EventDate "2013.10.19"]
[EventType "team-tourn"]
[EventRounds "11"]
[EventCountry "SVK"]
[SourceTitle "EXT 2015"]
[Source "ChessBase"]
[SourceDate "2014.11.20"]
[SourceVersion "1"]
[SourceVersionDate "2014.11.20"]
[SourceQuality "1"]
[WhiteTeam "Liptovska Stiavnica"]
[BlackTeam "Zvolen Slavia"]
[WhiteTeamCountry "SVK"]
[BlackTeamCountry "SVK"]

1. d4 d5 2. e3 Nf6 3. c4 c6 4. Nc3 a6 5. Nf3 Bf5 6. Nh4 Bg6 7. Qb3 Ra7 8. Nxg6 hxg6 9. Be2 e6 10. Bd2 Bd6 11. f4 Nbd7 12. cxd5 cxd5 13. Qa4 Ra8 14. Bf3 b5 15. Qd1 Rc8 16. Rc1 Nh5 17. g3 Ndf6 18. 0-0 b4 19. Qa4+ Qd7 20. Qxd7+ Kxd7 21. Na4 Rxc1 22. Rxc1 Ne8 23. Nb6+ Ke7 24. Nc8+ Kd7 25. Nxd6 Nxd6 26. Bxb4 Rb8 27. Bxd6 Kxd6 28. b3 Nf6 29. Rc5 Rb5 30. Rc8 Ne4 31. Bxe4 dxe4 32. h4 f5 33. Kf2 a5 34. Rc4 Rb7 35. Ke2 Kd5 36. Kd2 Kd6 37. Kc3 Kd5 38. Rc5+ Kd6 39. Rxa5 1-0

[Event "Banska Bystrica op-B"]
[Site "Banska Bystrica"]
[Date "2013.09.14"]
[Round "3"]
[White "Banduka, Zeljko"]
[Black "Zatko, Gregor"]
[Result "0-1"]
[WhiteElo "2116"]
[BlackElo "2182"]
[PlyCount "68"]
[EventDate "2013.09.13"]
[EventType "swiss (rapid)"]
[EventRounds "9"]
[EventCountry "SVK"]
[SourceTitle "EXT 2014"]
[Source "ChessBase"]
[SourceDate "2013.11.20"]
[SourceVersion "1"]
[SourceVersionDate "2013.11.20"]
[SourceQuality "1"]

1. d4 Nf6 2. c4 e6 3. g3 Bb4+ 4. Bd2 Qe7 5. Bg2 0-0 6. Nf3 Nc6 7. 0-0 Bxd2 8. Nbxd2 d6 9. e4 e5 10. d5 Nb8 11. h3 a5 12. a3 a4 13. Ne1 Bd7 14. f4 exf4 15. gxf4 c6 16. Nc2 cxd5 17. cxd5 Na6 18. Nc4 Bb5 19. N2e3 g6 20. e5 Bxc4 21. Nxc4 dxe5 22. fxe5 Qc5+ 23. Kh1 Nh5 24. Qg4 b5 25. Nd6 Qe3 26. Ne4 Rac8 27. Rae1 Qa7 28. Nf6+ Nxf6 29. exf6 h6 30. Re7 Qc5 31. Be4 Qc4 32. Qg3 Qxf1+ 33. Kh2 Qxf6 34. d6 Rcd8 0-1

[Event "SVK-ch op"]
[Site "Banska Stiavnica"]
[Date "2013.07.13"]
[Round "8"]
[White "Banduka, Zeljko"]
[Black "Volna, Lukas"]
[Result "1/2-1/2"]
[WhiteElo "2168"]
[BlackElo "1809"]
[PlyCount "86"]
[EventDate "2013.07.06"]
[EventType "swiss"]
[EventRounds "9"]
[EventCountry "SVK"]
[SourceTitle "CBM 155 Extra"]
[Source "ChessBase"]
[SourceDate "2013.08.26"]
[SourceVersion "1"]
[SourceVersionDate "2013.08.26"]
[SourceQuality "1"]

1. d4 Nf6 2. Bg5 d6 3. Nf3 Nbd7 4. c4 c6 5. Nc3 h6 6. Bf4 Qa5 7. d5 cxd5 8. cxd5 Nb6 9. Bd2 Nbxd5 10. e4 Nxc3 11. Bxc3 Qd8 12. Qb3 e6 13. Rd1 Qb6 14. Qxb6 axb6 15. Bxf6 gxf6 16. a3 Bd7 17. Bd3 Bc6 18. Nd4 Be7 19. 0-0 0-0 20. Rfe1 Rfd8 21. Bb5 Rac8 22. Rc1 Bxb5 23. Nxb5 Rc5 24. Nd4 Rdc8 25. Rcd1 d5 26. b4 Rc4 27. exd5 exd5 28. Nf5 Bf8 29. Rxd5 Rc1 30. Rdd1 Rxd1 31. Rxd1 Rc3 32. Ra1 Kh7 33. g4 Kg6 34. Ng3 Rd3 35. Kf1 Bd6 36. Ke2 Rb3 37. Ra2 Be5 38. Nf1 Rh3 39. Ng3 Rxh2 40. Kf3 Bxg3 41. Kxg3 Rh1 42. Rd2 Ra1 43. Rd3 Kg5 1/2-1/2

[Event "SVK-ch op"]
[Site "Banska Stiavnica"]
[Date "2013.07.10"]
[Round "5"]
[White "Banduka, Zeljko"]
[Black "Istok, Bela"]
[Result "1/2-1/2"]
[WhiteElo "2168"]
[BlackElo "1952"]
[PlyCount "97"]
[EventDate "2013.07.06"]
[EventType "swiss"]
[EventRounds "9"]
[EventCountry "SVK"]
[SourceTitle "CBM 155 Extra"]
[Source "ChessBase"]
[SourceDate "2013.08.26"]
[SourceVersion "1"]
[SourceVersionDate "2013.08.26"]
[SourceQuality "1"]

1. c4 Nf6 2. Nc3 d5 3. e3 g6 4. cxd5 Nxd5 5. Qb3 Nb6 6. d4 Bg7 7. Nf3 0-0 8. h4 Nc6 9. d5 Bxc3+ 10. bxc3 Qxd5 11. c4 Qa5+ 12. Bd2 Qc5 13. Qb5 Nd7 14. Be2 a6 15. Qb2 f6 16. h5 g5 17. Nd4 Nb6 18. Rc1 e5 19. Nb3 Qe7 20. c5 Nd5 21. g3 Qf7 22. e4 Nde7 23. g4 Be6 24. Be3 Rfd8 25. 0-0 Rab8 26. Qc3 Kf8 27. Rfd1 h6 28. f3 Kg7 29. Kf2 Kf8 30. Rb1 Rxd1 31. Rxd1 Ke8 32. Rd2 Rd8 33. Rb2 Rd7 34. Nd2 Nd8 35. Nc4 Nec6 36. Na5 Nxa5 37. Qxa5 Bc4 38. Qa4 Bxe2 39. Kxe2 c6 40. Rb4 Ne6 41. Qb3 Nf4+ 42. Bxf4 Qxb3 43. Rxb3 gxf4 44. a3 Kd8 45. Kf1 Kc7 46. Kg2 Kd8 47. Kh3 Ke7 48. a4 a5 49. Kg2 1/2-1/2

[Event "SVK-ch op"]
[Site "Banska Stiavnica"]
[Date "2013.07.09"]
[Round "4"]
[White "Urbanic, Martin"]
[Black "Banduka, Zeljko"]
[Result "0-1"]
[WhiteElo "1912"]
[BlackElo "2168"]
[PlyCount "62"]
[EventDate "2013.07.06"]
[EventType "swiss"]
[EventRounds "9"]
[EventCountry "SVK"]
[SourceTitle "CBM 155 Extra"]
[Source "ChessBase"]
[SourceDate "2013.08.26"]
[SourceVersion "1"]
[SourceVersionDate "2013.08.26"]
[SourceQuality "1"]

1. e4 c5 2. Nf3 g6 3. d4 cxd4 4. Nxd4 Bg7 5. Nc3 Nc6 6. Be3 Nf6 7. Be2 0-0 8. Qd2 d5 9. exd5 Nxd5 10. Nxd5 Qxd5 11. Bf3 Qc4 12. Be2 Qd5 13. Bf3 Qe5 14. Nxc6 bxc6 15. c3 Ba6 16. Be2 Rfd8 17. Qc2 Bxe2 18. Qxe2 Qe4 19. 0-0 Rd5 20. Rfd1 a5 21. Rd2 Rad8 22. Rxd5 Qxd5 23. h3 Be5 24. Bh6 f6 25. f4 Bd6 26. Rd1 Bc5+ 27. Kh2 Qxd1 28. Qe6+ Kh8 29. Qf7 Bg1+ 30. Kg3 Qe1+ 31. Kg4 f5+ 0-1

[Event "SVK-ch op"]
[Site "Banska Stiavnica"]
[Date "2013.07.06"]
[Round "1"]
[White "Banduka, Zeljko"]
[Black "Fodor, Tamas Jr"]
[Result "0-1"]
[WhiteElo "2168"]
[BlackElo "2455"]
[PlyCount "78"]
[EventDate "2013.07.06"]
[EventType "swiss"]
[EventRounds "9"]
[EventCountry "SVK"]
[SourceTitle "CBM 155 Extra"]
[Source "ChessBase"]
[SourceDate "2013.08.26"]
[SourceVersion "1"]
[SourceVersionDate "2013.08.26"]
[SourceQuality "1"]

1. d4 d5 2. g3 c6 3. Nf3 Nf6 4. c4 dxc4 5. Bg2 b5 6. Ne5 Bb7 7. a4 a6 8. b3 cxb3 9. Ba3 b2 10. Ra2 Nfd7 11. Qb3 e6 12. Bxf8 Nxf8 13. axb5 axb5 14. Rxa8 Bxa8 15. Qxb2 Nfd7 16. Qa3 Bb7 17. Nd3 Qb6 18. 0-0 Qxd4 19. Nc3 b4 20. Nxb4 0-0 21. Rd1 Qb6 22. Rb1 Qc7 23. Qa7 Rc8 24. Nb5 cxb5 25. Bxb7 Rf8 26. Nd3 Nc6 27. Qa6 Nd4 28. Kf1 Rb8 29. Be4 Nf6 30. Rc1 Qd8 31. Bg2 h5 32. Ne5 Ng4 33. Nxg4 hxg4 34. Rd1 Qc7 35. Be4 Qe5 36. Qa7 Qxe4 37. Qxb8+ Kh7 38. Kg1 Nxe2+ 39. Kf1 Nc3 0-1

[Event "Sarajevo Bosna op-B 43rd"]
[Site "Sarajevo"]
[Date "2013.06.03"]
[Round "4"]
[White "Bratkovic, Jakob"]
[Black "Banduka, Zeljko"]
[Result "1-0"]
[WhiteElo "1949"]
[BlackElo "2217"]
[PlyCount "98"]
[EventDate "2013.06.01"]
[EventType "swiss"]
[EventRounds "9"]
[EventCountry "BIH"]
[SourceTitle "CBM 154 Extra"]
[Source "ChessBase"]
[SourceDate "2013.06.25"]
[SourceVersion "2"]
[SourceVersionDate "2013.06.25"]
[SourceQuality "1"]

1. e4 c5 2. Nf3 a6 3. c4 d6 4. d4 cxd4 5. Nxd4 g6 6. Nc3 Bg7 7. Be3 Nf6 8. Be2 h5 9. f3 Nc6 10. 0-0 Nd7 11. Qd2 0-0 12. Rac1 Nde5 13. Nxc6 bxc6 14. c5 Be6 15. cxd6 exd6 16. Rfd1 Qb8 17. b3 Rd8 18. h3 c5 19. Nd5 Nc6 20. Bg5 Bd4+ 21. Kh1 Bxd5 22. exd5 Ne5 23. Bxd8 Qxd8 24. f4 Nd7 25. Rc4 Bg7 26. Ra4 a5 27. Bb5 Nf6 28. Re1 Qb6 29. Bc6 Ra7 30. Qe2 h4 31. Qf2 Qd8 32. Qxh4 Re7 33. Qf2 Nh5 34. Rae4 Rxe4 35. Rxe4 Bd4 36. Qf3 Qh4 37. Kh2 Ng7 38. g3 Qf6 39. Bd7 Qd8 40. Bb5 Qf6 41. Kg2 Ba1 42. Re2 Nf5 43. Bd3 Nd4 44. Re8+ Kg7 45. Qg4 a4 46. f5 axb3 47. axb3 Nxb3 48. fxg6 Nc1 49. gxf7+ Kh6 1-0

[Event "SVK-ch op-A"]
[Site "Banska Stiavnica"]
[Date "2012.07.14"]
[Round "8"]
[White "Turkova, Karolina"]
[Black "Banduka, Zeljko"]
[Result "1/2-1/2"]
[WhiteElo "2005"]
[BlackElo "2173"]
[PlyCount "70"]
[EventDate "2012.07.07"]
[EventType "swiss"]
[EventRounds "9"]
[EventCountry "SVK"]
[SourceTitle "CBM 149 Extra"]
[Source "ChessBase"]
[SourceDate "2012.08.24"]
[SourceVersion "1"]
[SourceVersionDate "2012.08.24"]
[SourceQuality "1"]

1. e4 c5 2. Nf3 d6 3. d4 cxd4 4. Nxd4 Nf6 5. Nc3 a6 6. Be3 Ng4 7. Bg5 h6 8. Bh4 g5 9. Bg3 Bg7 10. Be2 Ne5 11. Qd2 Nbc6 12. Nf5 Bxf5 13. exf5 Rc8 14. 0-0 Nd4 15. f4 gxf4 16. Rxf4 Nxe2+ 17. Nxe2 Qb6+ 18. Bf2 Qxb2 19. Rc1 h5 20. Rb4 Qxa2 21. Rxb7 Bh6 22. Nf4 Rg8 23. Rxe7+ Kxe7 24. Nd5+ Kd7 25. Nf6+ Kc6 26. Qxh6 Ng4 27. Qd2 Nxf6 28. Qc3+ Kd7 29. Qxf6 Rxc2 30. Rd1 Rxg2+ 31. Kh1 Rxh2+ 32. Kg1 Rd2 33. Rxd2 Qxd2 34. Qxf7+ Kc6 35. Qe8+ Kc7 1/2-1/2